Countries with the oldest civilizations - Statistics

General Stats
  • This quiz has been taken 2,608 times
  • The average score is 25 of 30
Answer Stats
Year Civilization Country % Correct
3000 BC Egypt Egypt
99%
3200 BC Elam Iran
98%
3400 BC Sumer Iraq
98%
1600 BC Minoans Greece
97%
2300 BC Indus Valley India
97%
1600 BC Shang China China
96%
3000 BC Indus Valley Pakistan
94%
2250 BC Akkadians Turkey
94%
750 BC Etruscans Italy
93%
2300 BC Akkadians Syria
93%
1800 BC Hiskos Israel
91%
3000 BC Indus Valley Afghanistan
89%
2300 BC Akkadians Lebanon
89%
800 BC Cypriots Cyprus
88%
1500 BC Hiskos Jordan
86%
1500 BC Egypt Sudan
86%
800 BC Phoenicians Libya
85%
800 BC Urartu Armenia
82%
800 BC Phoenicians Tunisia
80%
550 BC Persians Georgia
79%
1700 BC Babylon Kuwait
78%
550 BC Persians Turkmenistan
77%
615 BC Persians Uzbekistan
76%
550 BC Persians Tajikistan
73%
650 BC Olmec Mexico
71%
800 BC Sabaeans Yemen
68%
550 BC Greeks France (Corsica)
64%
550 BC Persians Kyrgyzstan
61%
2250 BC Akkadians UAE
56%
550 BC Greeks Ukraine (Crimea)
49%
No matching quizzes found
Score Distribution
Percent of People with Each Score
Percentile by Number Answered
Your Score History
You have not taken this quiz